| 000 | 01664nam a2200241Ia 4500 | ||
|---|---|---|---|
| 008 | 260220t1968||||xx |||||||||||||| ||spa|| | ||
| 040 |
_aPY-SlUNAC _bspa _erda |
||
| 041 | _aspa | ||
| 082 |
_a823 _bM831n |
||
| 100 |
_aMorris, Willian _eAutor |
||
| 245 | 0 |
_aNoticias de ninguna parte o una era de reposo / _cpor Willian Morris [Autor] |
|
| 264 |
_aMadrid : _bCiencia Nueva, _c℗1968. |
||
| 300 | _a1 volumen | ||
| 520 | _a"Noticias de ninguna parte o una era de reposo" de William Morris es una obra fundamental de la literatura utópica que presenta una visión crítica de la sociedad industrial del siglo XIX. A través de la historia de un hombre que, tras un extraño sueño, despierta en un futuro idealizado donde la comunidad ha superado las desigualdades sociales y las alienaciones del trabajo. La narración se desarrolla en un mundo en el que la tecnología y la naturaleza coexisten en armonía, y donde el arte, la belleza y la cooperación se valoran por encima del lucro y la competencia. Morris utiliza este entorno utópico para explorar temas como la justicia social, la sostenibilidad y la importancia de la cultura en la vida cotidiana. A través de diálogos y descripciones vívidas, el autor invita a la reflexión sobre el rumbo de la sociedad contemporánea y la posibilidad de un futuro más equitativo, enfatizando la necesidad de una transformación radical en la vida de las personas. | ||
| 653 | _aHistoria | ||
| 653 | _aLiteratura | ||
| 653 | _aUtopía | ||
| 942 |
_b2026/02/17 _cBK |
||
| 999 |
_c9038 _d9038 |
||